My Years In Service & After (1970 To 2022)
Saved in:
| Main Author: | |
|---|---|
| Format: | Book |
| Language: | English |
| Tags: |
Add Tag
No Tags, Be the first to tag this record!
|
| Call Number : |
MARC
| LEADER | 00000nam a2200000 4500 | ||
|---|---|---|---|
| 001 | 95077 | ||
| 003 | MY-KLNDU | ||
| 005 | 20241220004252.0 | ||
| 008 | 240111 00 eng | ||
| 020 | |a 9786299752318 | ||
| 039 | 9 | |y 202401111612 |z zubir | |
| 040 | |a MY-KlNDU |b eng |c MY-KlNDU |e rda | ||
| 100 | |a Admiral Ramlan | ||
| 245 | |a My Years In Service & After (1970 To 2022) | ||
| 336 | |a text |2 rdacontent | ||
| 336 | |a unmediated |2 rdamedia | ||
| 338 | |a volume |2 rdacarrier | ||
| 999 | |a vtls000106133 |c 95077 |d 95077 | ||


